[Event "XLIV Sevilla Open 2019"]
[Site "Sevilla"]
[Date "2019.01.19"]
[Round "9"]
[White "Blanco Acevedo, Cristobal Jose"]
[Black "Sobrino Forte, Alvaro"]
[Result "1-0"]
[WhiteElo "2397"]
[BlackElo "1955"]
[Annotator "TA"]
[PlyCount "115"]
[EventDate "2019.01.11"]
[EventType "swiss"]
[EventCountry "ESP"]
[SourceTitle "playchess.com"]
[Source "ChessBase"]
[SourceQuality "1"]

{[%evp 23,115,0,3,0,0,0,0,-8,52,45,43,0,14,24,9,13,20,19,19,6,31,0,0,0,0,0,32,31,21,7,7,0,0,0,0,0,9,6,6,6,6,6,6,6,7,1,6,0,30,29,25,25,48,64,191,214,206,201,188,183,840,784,750,748,506,505,3454,3383,3050,2656,2535,1700,12359,3857,1897,368,368,377,1762,1910,1975,1964,1899,1821,29951,4,4,4,29977,29978,29978,29978,29978,29979]} 1. d4 Nf6 2. c4 e6 3. Nf3 d5 4. Nc3 Bb4 5. Bd2 O-O 6. e3 b6 7. cxd5 exd5 8. Bd3 {E51: Nimzo-Indian: Rubinstein: 4...0-0 5 Nf3 d5} (8. Rc1 Be7 9. Bd3 Bb7 10. O-O c5 11. dxc5 bxc5 12. Re1 Nc6 13. Bb1 Re8 14. e4 dxe4 15. Nxe4 Nd4 {½-½ (54) Vitiugov,N (2730)-Inarkiev,E (2690) Satka 2018}) 8... Ba6 9. Bxa6 Nxa6 10. Qa4 Qc8 11. Rc1 Re8 12. O-O Bf8 {LiveBook: 13 Games} 13. a3 c5 {[#]} 14. Rfd1 $146 ({Predecessor:} 14. dxc5 bxc5 15. b3 Qb7 {0-1 (50) Dragnev,V (2509)-Korchmar,V (2415) Riga 2018}) 14... Qb7 15. Be1 c4 (15... Nc7 $11) 16. b3 $1 $14 Rac8 17. Nb5 {[%cal Rb3c4]} cxb3 18. Qxb3 Nc7 19. a4 Nxb5 20. axb5 Bd6 21. Ra1 Ne4 22. Qa4 Re7 23. Ne5 Bxe5 24. dxe5 Nc3 25. Bxc3 $1 Rxc3 26. Qd4 Rc5 27. Rab1 h6 28. f4 Qc8 29. h3 Qe6 30. Rb3 f6 31. exf6 Qxf6 32. Qxf6 gxf6 $11 {[%mdl 4096] Endgame KRR-KRR} 33. Kf2 Kf7 34. Kf3 Ke6 35. g4 Rh7 36. h4 Rc2 37. Rd4 Rhc7 38. f5+ Ke5 (38... Kd6 $1 $14) 39. Rbd3 $18 {[%csl Gd3][%cal Rd4d5]} R7c5 40. e4 {[%cal Rd4d5]} R2c3 {Hoping for ...Rxd3+.} 41. exd5 Rxd3+ $2 (41... R5c4) 42. Rxd3 {KR-KR} Kd6 {[#]} 43. g5 $1 hxg5 44. hxg5 Rxb5 (44... fxg5 $142 45. Kg4 Rxb5) 45. gxf6 Rc5 46. Kf4 Rc8 47. Kg5 Rf8 48. Kg6 Rg8+ 49. Kf7 $2 (49. Kh6 {Black must now prevent f7.} Rh8+ 50. Kg7) 49... Rg5 50. Rf3 b5 $2 (50... Kd7 51. Ra3 a5) 51. Kf8 b4 52. f7 Kd7 53. Re3 Rxf5 54. Re7+ $2 (54. Kg7 {mates} Rf2 55. f8=Q Rxf8 56. Kxf8 Kd6 57. Rd3 Kd7 58. d6 a6 59. Kf7) 54... Kd6 $11 55. Rxa7 Rxd5 $2 {[%mdl 8192] [#]} ({Don't blunder} 55... b3 $2 56. Ra6+ Kc7 57. d6+ Kd7 58. Kg7 $18) (55... Rf3 $11) 56. Ra6+ {White mates.} Kc7 57. Kg7 Rd8 58. f8=Q {Accuracy: White = 63%, Black = 39%.} 1-0

[Event "XLIV Sevilla Open 2019"]
[Site "Sevilla"]
[Date "2019.01.19"]
[Round "9"]
[White "Pogorelov, Ruslan"]
[Black "Das, Arghyadip"]
[Result "0-1"]
[WhiteElo "2357"]
[BlackElo "2431"]
[Annotator "TA RC"]
[PlyCount "138"]
[EventDate "2019.01.11"]
[EventType "swiss"]
[EventCountry "ESP"]
[SourceTitle "playchess.com"]
[Source "ChessBase"]
[SourceQuality "1"]

{[%evp 14,138,60,59,68,45,47,47,75,62,64,33,25,0,0,-13,-11,-12,-10,-12,-11,-11,-8,-41,-32,-80,-60,-90,-79,-145,-141,-141,-99,-95,-93,-99,-102,-128,-91,-150,-150,-168,-135,-139,-139,-177,-184,-181,-173,-185,-182,-188,-168,-198,-188,-184,0,-183,-170,-254,-254,-254,-251,-275,-284,-280,-265,-427,-427,-446,-400,-392,-395,-525,-518,-500,-483,-665,-682,-650,-608,-649,-643,-859,-837,-1055,-753,-686,-728,-689,-672,-543,-457,-464,-423,-559,-559,-770,-744,-754,-729,-683,-642,-29977,-29978,-29981,-29982,-29975,-29977,-29981,-29982,-29982,-29983,-29983,-29984,-29987,-29984,-29989,-29982,-29983,-29984,-29984,-29985,-29983,-29983,-29982,-29983]} 1. c4 b6 2. Nf3 Bb7 3. g3 Bxf3 4. exf3 c5 5. d4 cxd4 6. Qxd4 Nc6 7. Qd3 {A10: English Opening: Unusual Replies for Black} Rc8 8. Nc3 {LiveBook: 3 Games} Nf6 (8... g6 9. f4 Bg7 10. Bd2 Nb4 11. Qb1 Nh6 12. a3 Nc6 13. Bd3 Nf5 14. Qd1 Nfd4 {½-½ (31) Markowski,T (2562)-Gritsak,O (2464) Pokrzywna 2018}) 9. b3 {White is slightly better.} e6 10. Bb2 Be7 $146 ({Predecessor:} 10... Bb4 11. Rd1 d5 12. a3 Bxc3+ 13. Qxc3 d4 14. Qc2 e5 {1-0 (42) Mgeladze,T (2400)-Makaraci,T (1994) Canakkale 2018}) 11. Bg2 d5 12. cxd5 O-O $1 13. O-O Nb4 $1 $36 {[%cal Rb4d3][%mdl 2048] Black has the initiative.} 14. Qd2 Nfxd5 15. Nxd5 Qxd5 16. Rfd1 Qxd2 17. Rxd2 Rfd8 18. Re2 Nd3 19. Rf1 g5 {[%cal Bg7g5,Bg5f4][%mdl 32]} 20. f4 gxf4 21. Be4 ({White should play} 21. Ba1) 21... Nxb2 $17 22. Rxb2 Rd4 23. Re2 Bd6 24. Kg2 Kg7 25. f3 Rc5 26. gxf4 (26. Rff2 $142) 26... Bxf4 27. Bb1 Re5 28. Rxe5 Bxe5 {[%mdl 4096] Endgame KRB-KRB} 29. Rf2 {[#]} f5 $1 30. Bc2 Kf6 31. Re2 Bd6 32. Kf1 a5 33. Rg2 Rf4 34. Bd1 Rd4 35. Bc2 h5 {[%cal Bh7h5,Bh5h4][%mdl 32]} 36. Kf2 (36. Re2 {is a better defense.}) 36... h4 $19 37. h3 Rd5 38. Ke2 Rc5 39. Kd3 b5 {[%cal Bb6b5,Bb5b4][%mdl 32]} 40. a4 $2 {[#]} (40. Ke3 {was worth a try.}) 40... b4 41. Bd1 Rc3+ 42. Ke2 Bg3 43. Kd2 e5 44. Rg1 Ke6 45. Rf1 Bf4+ 46. Ke2 Kd5 47. Rg1 Bg3 48. Kd2 Kd4 49. Ke2 Re3+ 50. Kd2 Rd3+ 51. Kc2 Rc3+ 52. Kb1 Bf4 53. Rg8 Ke3 (53... Rc1+ $2 54. Kb2 $19) 54. Rd8 Kf2 55. Rd5 Kg3 56. Bc2 Kxh3 57. Bxf5+ Kg3 58. Kb2 h3 {Black mates.} 59. Bxh3 Kxh3 60. Rxa5 Rxf3 {KRB-KR} 61. Rb5 Rf2+ 62. Kb1 e4 63. Rxb4 e3 64. Re4 e2 65. b4 Rf1+ 66. Ka2 e1=Q 67. Rxe1 Rxe1 68. Kb3 Rb1+ 69. Kc4 Bd2 {Precision: White = 37%, Black = 84%.} 0-1

[Event "XLIV Sevilla Open 2019"]
[Site "Sevilla"]
[Date "2019.01.19"]
[Round "9"]
[White "Montero Melendez, Rafael"]
[Black "Lei, Tingjie"]
[Result "0-1"]
[WhiteElo "2353"]
[BlackElo "2447"]
[Annotator "TA"]
[PlyCount "104"]
[EventDate "2019.01.11"]
[EventType "swiss"]
[EventCountry "ESP"]
[SourceTitle "playchess.com"]
[Source "ChessBase"]
[SourceQuality "1"]

{[%evp 9,104,0,6,0,0,0,0,0,9,-36,4,0,5,-8,-3,-8,5,0,25,-22,-12,0,31,26,26,-2,32,52,47,23,41,36,37,0,0,0,12,-57,-44,-57,-47,-73,-62,-85,-41,-126,-14,-5,-11,-26,-25,-19,-29,-105,-97,-95,-109,-97,-94,-103,-87,-98,0,0,0,-125,-9,-85,-83,-164,-161,-210,-117,-442,-288,-288,-288,-252,-214,-161,-104,-317,-223,-221,0,-158,-142,-181,-161,-517,-515,-877,-487,-456,-453,-913,-890]} 1. d4 Nf6 ({Predecessor:} 1... e6 2. c4 {0-1 (37) Miranda Llanes,Y (2259)-Leon Valdes,J (2374) Santa Clara 2017}) 2. c4 e6 3. Nc3 Bb4 4. e3 O-O 5. Nge2 c6 $146 (5... Re8 6. a3 Bf8 7. d5 d6 8. g3 exd5 9. cxd5 c5 10. Bg2 Nbd7 11. O-O c4 12. Nd4 Nc5 13. Qe2 Nd3 14. b3 Nxc1 15. Rfxc1 cxb3 {½-½ (74) Caruana,F (2822)-So,W (2780) Saint Louis 2018}) 6. a3 {E46: Nimzo-Indian: Rubinstein: 4 e3 0-0 5 Ne2 without early Bd3} Ba5 7. c5 d6 8. b4 {The position is equal.} Bc7 9. Bb2 Nbd7 ({Predecessor:} 9... dxc5 10. dxc5 Qxd1+ 11. Rxd1 a5 12. Ng3 Na6 13. Bxa6 bxa6 {0-1 (37) Miranda Llanes,Y (2259)-Leon Valdes,J (2374) Santa Clara 2017}) 10. cxd6 Bxd6 11. g3 e5 12. Bg2 Nb6 13. Qc2 Be6 14. Rd1 Qe7 15. O-O Bg4 16. h3 Bh5 17. Rfe1 a5 18. dxe5 Bxe5 19. Qb3 a4 20. Qa2 Rad8 21. Rxd8 Rxd8 22. Bc1 c5 23. b5 (23. bxc5 $11 Qxc5 24. Bd2) 23... Rd3 $15 24. Qc2 Bxe2 $1 25. Nxe2 c4 26. Kh2 h5 27. f4 (27. Nf4 $15 Rb3 28. Rd1) 27... Bc7 ({Black should try} 27... Bd6 $17 28. Rd1 Bxa3 29. Rxd3 cxd3 30. Qxd3 Bxc1 31. Nxc1 Qc5 32. Qd8+ Kh7 33. Qd3+ g6) 28. Rd1 $1 $11 {[%cal Rd1d3]} Rxe3 29. Bxe3 Qxe3 30. Qd2 Qxa3 31. Nc3 {[#]} (31. Bxb7 $11 Qc5 32. Nc3) 31... h4 $1 $36 {[%mdl 2560] Black has strong initiative.} 32. g4 (32. gxh4 Nh5) 32... g5 33. Kh1 Bxf4 34. Qd4 Nbd7 35. Qxc4 Ne5 (35... Be5 $17 36. Nd5 (36. Ne4 Nxe4 37. Qxe4 Qg3 $17) 36... Kg7) 36. Qd4 $11 Qb3 37. Ne2 {[#]} (37. Ra1 $11) 37... Be3 ({Better is} 37... Ne4 $1 $17 {[%mdl 512]} 38. Rf1 (38. Qxe4 Qxd1+) 38... Ng3+ 39. Nxg3 Qxg3 40. Rxf4 Qxf4 41. Qxf4 gxf4 42. Bxb7 Kf8) 38. Qd8+ (38. Qd6 $1 $11 {remains equal.}) 38... Kg7 $1 $17 {aiming for ...a3.} ({Much worse is} 38... Kh7 $6 39. Rf1 $11) 39. Rf1 (39. Qd6 $17 {was necessary.}) 39... Ned7 $1 $19 40. Qa5 {[#]} Qd3 (40... Qc4 $1 $19 {[%cal Rc4e2]} 41. Bf3 Ne4) 41. Ng1 $2 {[%mdl 8192]} (41. Nc1 $17 {is tougher.} Bxc1 42. Rxc1) 41... Ne4 42. Bxe4 Qxe4+ ({Not} 42... Qxf1 43. Qc3+ Nf6 44. Qxe3 $17) 43. Nf3 Qd3 44. Qe1 Bf4 (44... a3 $19 {...a2 is the strong threat.} 45. Qa1+ f6) 45. Qa1+ $2 (45. Kg2 $17) 45... Kg8 46. Kg2 Nc5 $2 (46... Qe2+ $19 47. Rf2 Qxb5) 47. Qd1 $2 {[#]} (47. Qd4 $11 Qxd4 48. Nxd4) 47... a3 $1 $17 {[%cal Ba4a3,Ba3a2][%mdl 32]} 48. Qxd3 Nxd3 49. Ra1 $2 (49. Nd4) 49... Bc1 $19 {Black is clearly winning.} 50. Ne5 (50. Nxg5 $142 Bb2 51. Ra2) 50... Nf4+ ({Inferior is} 50... Nxe5 51. Rxc1 f6 52. Rc3 $16) 51. Kf3 Bb2 {[%mdl 64] Double Attack} 52. Re1 (52. Ra2 $142 Bxe5 53. Rxa3) 52... a2 {Accuracy: White = 28%, Black = 42%.} 0-1

[Event "XLIV Sevilla Open 2019"]
[Site "Sevilla"]
[Date "2019.01.19"]
[Round "9"]
[White "Dhulipalla Bala Chandra Prasa"]
[Black "Saric, Ante"]
[Result "0-1"]
[WhiteElo "2341"]
[BlackElo "2536"]
[Annotator "TA"]
[PlyCount "72"]
[EventDate "2019.01.11"]
[EventType "swiss"]
[EventCountry "ESP"]
[SourceTitle "playchess.com"]
[Source "ChessBase"]
[SourceQuality "1"]

{[%evp 17,72,0,12,0,9,15,13,14,11,-12,-6,-8,-14,-17,-14,-8,-17,-14,-29,-28,-15,-61,-68,-93,-86,-123,-118,-131,-91,-103,-93,-222,-230,-236,-221,-205,-229,-231,-229,-218,-172,-237,-225,-218,-228,-241,-240,-240,-239,-225,-220,-247,-181,-644,-637,-575,-550]} 1. d4 Nf6 2. c4 e6 3. g3 Bb4+ 4. Bd2 Be7 5. Bg2 d5 6. Nf3 c6 7. O-O {E11: Bogo-Indian} b6 (7... O-O 8. Qc2 b6 9. Rd1 Ba6 10. b3 Nbd7 11. Bf4 Rc8 12. Nc3 Nh5 13. Bc1 f5 14. e3 Bd6 15. a4 Nhf6 16. Ne2 c5 17. Nf4 Qe7 18. cxd5 cxd4 19. Qb2 dxe3 20. Nxe6 exf2+ 21. Qxf2 {0-1 (35) Sarana,A (2613)-Jakovenko,D (2748) Satka 2018}) 8. Qc2 Bb7 9. Bf4 Nbd7 {LiveBook: 28 Games} 10. cxd5 Nxd5 11. Bd2 c5 12. Nc3 $146 ({Predecessor:} 12. e4 N5f6 13. Nc3 cxd4 14. Nxd4 Nc5 {0-1 (45) Kobylkin,E (2290)-Maksimenko,A (2524) Alushta 1999}) 12... Rc8 13. Nxd5 Bxd5 14. Rac1 O-O 15. e4 Bb7 16. Bc3 Nf6 17. Rfe1 b5 {[#] White must now prevent ...cxd4.} 18. dxc5 Bxc5 {Threatens to win with ...Ng4.} 19. a3 Ng4 $36 {[%mdl 2048] White is under pressure.} 20. Rf1 a5 {And now ...Nxf2 would win.} 21. Qd2 Qxd2 22. Bxd2 Bxe4 23. h3 Bxf2+ 24. Rxf2 (24. Kh1 $17 {is the only way for White.} Bxf3 25. Bxf3) 24... Rxc1+ $19 ({But not} 24... Nxf2 25. Kxf2 Rxc1 26. Bxc1) 25. Bxc1 Nxf2 26. Kxf2 Rc8 27. Bd2 Rc2 28. Ke3 {[#]} Bxf3 $1 29. Bxf3 Rxb2 {aiming for ...Rb3+.} 30. Bxa5 Rb3+ 31. Kf2 {intending Bb4.} Rxa3 32. Bd2 Rb3 33. g4 b4 {[%cal Bb5b4,Bb4b3][%mdl 32]} 34. h4 Rb1 35. g5 $2 (35. Ke3) 35... b3 36. Be4 Ra1 {Precision: White = 49%, Black = 82%.} 0-1

[Event "XLIV Sevilla Open 2019"]
[Site "Sevilla"]
[Date "2019.01.19"]
[Round "9"]
[White "Aguilar, Andres"]
[Black "Tadevosyan, Aspet"]
[Result "1-0"]
[WhiteElo "2307"]
[BlackElo "2105"]
[Annotator "TA"]
[PlyCount "77"]
[EventDate "2019.01.11"]
[EventType "swiss"]
[EventCountry "ESP"]
[SourceTitle "playchess.com"]
[Source "ChessBase"]
[SourceQuality "1"]

{[%evp 18,77,5,0,20,0,0,0,25,40,62,59,48,46,37,33,50,45,48,64,58,54,46,56,146,134,237,218,288,286,270,274,263,271,292,286,265,241,239,241,252,256,340,340,465,398,378,363,519,517,496,491,1810,2001,1816,1830,1941,1853,2777,2720,2160,1906]} 1. c4 e6 2. g3 d5 3. Bg2 Nf6 4. Nf3 Be7 5. O-O d4 (5... O-O 6. d4 dxc4 7. Qc2 b5 8. a4 b4 9. Nfd2 c6 10. Nxc4 Qxd4 11. Rd1 Qc5 12. b3 Ba6 13. Nbd2 Nbd7 14. Bb2 Rfd8 15. Rac1 Rac8 {1-0 (52) Meier,G (2639)-Nakamura,H (2763) chess.com INT 2018}) 6. d3 {A14: English Opening: 1...e6 with b3 by White} O-O 7. e3 c5 8. exd4 cxd4 9. Re1 Nc6 10. Bg5 {LiveBook: 5 Games} h6 11. Bxf6 Bxf6 12. Nbd2 e5 $146 ({Predecessor:} 12... Be7 13. a3 a5 14. Ne5 Qc7 15. Ndf3 Nxe5 16. Nxe5 {0-1 (94) Vazquez,G (2485)-Javakhadze,Z (2451) Dallas 2018}) 13. a3 a5 14. c5 Be6 15. Rc1 a4 16. Nc4 {[%cal Rf3e5]} Bxc4 17. Rxc4 Qa5 18. h4 Qb5 19. Qc2 Rfc8 20. Nd2 Na5 (20... Rd8 $14) 21. Qxa4 Qa6 (21... Rxc5 $16 22. Ne4 Qxa4 23. Rxa4 Rcc8) 22. Rc2 $18 Qxd3 23. Be4 Qa6 24. b4 Nc6 25. Qxa6 bxa6 26. Nc4 Rab8 27. Bxc6 Rxc6 28. Nxe5 Bxe5 29. Rxe5 {[%mdl 4096] Endgame KRR-KRR} a5 30. Rc4 ({Less strong is} 30. bxa5 d3 $16) 30... Rd8 31. Re4 d3 {[#] Strongly threatening ...d2.} 32. Red4 Rcc8 (32... Rb8 {was called for.} 33. Rxd3 axb4 34. axb4 g6) 33. Kf1 {White is clearly winning.} axb4 34. axb4 Ra8 (34... Kf8 $142 35. Rxd8+ Rxd8) 35. Rxd8+ Rxd8 36. Ke1 Re8+ 37. Kd2 Re2+ 38. Kxd3 Rxf2 39. c6 {Precision: White = 90%, Black = 25%.} 1-0

[Event "XLIV Sevilla Open 2019"]
[Site "Sevilla"]
[Date "2019.01.19"]
[Round "9"]
[White "Esquivias Quintero, Luis Manuel"]
[Black "Van Hoolandt, Patrick"]
[Result "1-0"]
[WhiteElo "2293"]
[BlackElo "2091"]
[Annotator "TA"]
[PlyCount "83"]
[EventDate "2019.01.11"]
[EventType "swiss"]
[EventCountry "ESP"]
[SourceTitle "playchess.com"]
[Source "ChessBase"]
[SourceQuality "1"]

{[%evp 18,83,0,-5,23,22,37,25,32,4,6,7,33,9,37,0,11,18,0,0,12,-87,-91,-84,6,-132,-120,-113,-79,-83,-83,-78,29,12,22,50,125,132,145,140,127,122,129,97,145,111,115,104,117,119,145,122,154,154,177,173,270,214,211,201,199,172,541,537,514,507,817,800]} 1. b3 d5 2. Bb2 Bg4 3. g3 Nd7 4. Bg2 c6 5. c4 e6 6. d3 Ngf6 7. h3 Bh5 8. Nd2 Be7 9. Ngf3 O-O 10. O-O {LiveBook: 39 Games} b5 {A12: English Opening: 1...c6 with b3 by White} (10... a5 11. a3 Qb8 12. Rc1 Rc8 13. Rc2 b5 14. cxd5 cxd5 15. Rxc8+ Qxc8 16. Qa1 Qa6 17. Rc1 Rc8 18. Nd4 Rxc1+ 19. Qxc1 {½-½ (26) Wirig,A (2500)-Kollars,D (2443) Germany 2016}) 11. Rc1 Rc8 12. Rc2 $146 ({Predecessor:} 12. cxb5 cxb5 13. Rxc8 Qxc8 14. Qb1 Qa6 15. Rc1 Rc8 16. Rxc8+ Qxc8 17. Bd4 Qc7 18. Qb2 {½-½ (18) Thoma,R (2304)-Maeser,F (2293) Switzerland 2002}) 12... Re8 {White has an edge.} 13. Qa1 bxc4 14. bxc4 Bf8 15. Rfc1 c5 16. cxd5 exd5 17. Nb3 {[%cal Bd2b3,Bb3d4,Bd4b5,Bb5a7,Ba7c8][%mdl 32]} Qb6 18. g4 Bg6 19. Ne5 (19. Nh4 $1 $11) 19... Nxe5 $17 20. Bxe5 {[#]} Nd7 (20... c4 $1 $17 {[%mdl 512]}) 21. Bf4 {[#]} (21. Bd4 $11) 21... c4 $1 22. Nd4 Ba3 23. Rb1 Qf6 24. Be3 Nb6 (24... Bd6 $17) 25. Nb5 $11 Qxa1 26. Rxa1 Bc5 ({Black should play} 26... Rxe3 $1 $14 27. fxe3 Bc5) 27. Nxa7 $16 Bxe3 28. Nxc8 ({Of course not} 28. fxe3 $6 Ra8 $11) 28... Bd4 29. Nxb6 Bxa1 30. Nxd5 {Threatens to win with Rc1.} h5 31. Nf4 cxd3 32. Nxd3 hxg4 33. hxg4 Rd8 34. Rc1 Bf6 35. Nf4 Bg5 36. e3 Bh7 (36... Rd2 $142 37. Nxg6 fxg6) 37. Nd5 Rb8 38. a4 {[%cal Ba2a4,Ba4a5,Ba5a6,Ba6a7][%mdl 32] aiming for a5.} Bd8 39. Ra1 {And now a5 would win.} Kf8 $2 (39... Rb1+ 40. Rxb1 Bxb1) 40. a5 $18 {White is clearly winning.} Bd3 41. a6 Ra8 (41... Bxa6 $142 42. Rxa6 Bh4) 42. a7 {Accuracy: White = 51%, Black = 34%.} 1-0

[Event "XLIV Sevilla Open 2019"]
[Site "Sevilla"]
[Date "2019.01.19"]
[Round "9"]
[White "Diaz Castro, Sergio"]
[Black "Campora, Daniel H."]
[Result "1-0"]
[WhiteElo "2252"]
[BlackElo "2417"]
[Annotator "TA RC"]
[PlyCount "79"]
[EventDate "2019.01.11"]
[EventType "swiss"]
[EventCountry "ESP"]
[SourceTitle "playchess.com"]
[Source "ChessBase"]
[SourceQuality "1"]

{[%evp 22,79,68,23,36,29,40,31,116,113,110,110,101,110,104,105,99,52,66,26,106,56,92,26,22,4,104,0,59,0,87,85,63,75,68,0,0,0,0,0,0,0,0,0,0,0,0,0,0,0,0,0,83,0,0,0,0,-993,29997,29998]} 1. e4 d6 2. d4 Nf6 3. Nc3 e5 4. Nf3 exd4 5. Nxd4 Be7 6. Bf4 O-O 7. Qd2 Nc6 8. O-O-O a6 9. f3 Nxd4 10. Qxd4 Be6 11. Kb1 b5 {C41: Philidor Defence} 12. Nd5 {LiveBook: 3 Games} Bxd5 13. exd5 Nd7 $1 {White has an edge.} 14. h4 Bf6 (14... f5 $14) 15. Qf2 $16 Re8 16. g4 {[%cal Bg2g4,Bg4g5][%mdl 32]} g6 $146 ({Predecessor:} 16... Nc5 17. Bc1 Be7 18. g5 Bf8 19. h5 f6 20. g6 h6 21. Bh3 c6 22. Qd4 Qc7 23. Bf4 Rad8 24. Qxc5 {1-0 (24) Milov,L (2528)-Tyomkyn,M (2104) Deizisau 2013}) 17. g5 Bg7 18. h5 f5 19. Qh4 Qe7 20. Bd3 Nf8 (20... Qf7 $11) 21. Qf2 Qf7 22. h6 (22. Bc1 $16) 22... Bh8 $1 $11 23. Be3 Nd7 {[#]} (23... f4 $11 24. Bc1 Nd7) 24. Bd4 (24. f4 $1 $16) 24... Ne5 ({Avoid the trap} 24... Qxd5 $2 25. Bxh8 Kxh8 26. Be4 $18) (24... Bxd4 $11 25. Qxd4 Re7) 25. f4 (25. Bf1 $14) 25... Nxd3 (25... Ng4 $1 $11 26. Qg1 Bxd4 27. Qxd4 Ne3) 26. cxd3 $16 Qxd5 27. Bxh8 Kxh8 28. Rhe1 (28. Qc2 $14 Qd4 29. Qc6) 28... c5 29. Re3 Kg8 $1 30. Rde1 Kf8 31. Qe2 {[%cal Re3e8]} Qf7 32. Qd2 b4 33. d4 $40 {[%mdl 128] Strongly threatening dxc5. White attacks.} Rxe3 34. Rxe3 $11 {[%mdl 4096] Endgame dxc5 is the strong threat. KQR-KQR} Qd5 35. Qe1 Qc6 36. Re6 cxd4 (36... Re8 $11 {keeps the balance.}) 37. Rf6+ (37. Qxb4 $16 Qh1+ 38. Re1) 37... Kg8 {Threatens to win with ...Rc8.} 38. Qe6+ $1 Kh8 {( -> ...d3)} 39. Rxg6 $2 {[%mdl 8192]} (39. a3 $11) 39... Rf8 $4 {[%mdl 8192] [#]} (39... Qh1+ $19 40. Kc2 {[#]} d3+ $1 {[%mdl 512]} 41. Kb3 Qd1+ 42. Kxb4 Qd2+ {[%mdl 64] Double Attack} 43. Ka4 Qc2+ 44. Ka3 Qc5+ 45. b4 Qc3+ 46. Qb3 Qxb3+ 47. Kxb3 hxg6) 40. Rg8+ $1 {[%mdl 512] Accuracy: White = 43%, Black = 57%.} 1-0

[Event "XLIV Sevilla Open 2019"]
[Site "Sevilla"]
[Date "2019.01.19"]
[Round "9"]
[White "Infante Machin, Brian Jose"]
[Black "Del Rio De Angelis, Salvador G."]
[Result "0-1"]
[WhiteElo "2186"]
[BlackElo "2501"]
[Annotator "TA"]
[PlyCount "69"]
[EventDate "2019.01.11"]
[EventType "swiss"]
[EventCountry "ESP"]
[SourceTitle "playchess.com"]
[Source "ChessBase"]
[SourceQuality "1"]

{[%evp 15,69,-17,-7,-29,0,0,-4,-6,-10,-8,-14,-14,-27,-26,0,0,23,8,14,23,9,4,9,0,0,0,33,15,18,15,92,37,28,62,59,24,58,56,58,0,0,0,0,0,0,0,0,0,0,0,0,-74,-74,-29992,-29993,-29999]} 1. d4 Nf6 2. Nf3 e6 3. g3 b5 4. Bg2 Bb7 5. O-O c5 6. b3 Be7 {A46: 1 d4 Nf6 2 Nf3 e6: Torre, London and Colle Systems} (6... Na6 7. Na3 b4 8. Nb5 Qb6 9. a4 Be7 10. Bb2 O-O 11. c3 bxc3 12. Bxc3 Ne4 13. Bb2 d5 14. Ne5 {1-0 (37) Adly,A (2630)-Hjartarson,J (2582) Reykjavik 2010}) 7. Bb2 O-O 8. Nbd2 d5 {LiveBook: 4 Games. The position is equal.} 9. Ne5 Qc7 10. dxc5 Bxc5 11. Nd3 Be7 12. c4 dxc4 {...Bxg2 is the strong threat.} 13. Bxb7 Qxb7 14. bxc4 b4 $146 15. a3 bxa3 16. Bxa3 Bxa3 17. Rxa3 Nc6 18. Qa1 Rfd8 19. Rb1 Qc7 20. Nf3 Ne4 21. c5 Rd5 22. Rc1 Rb8 {[#]} (22... a5 $11 {remains equal.}) 23. Ra4 ({Better is} 23. Ra6 $1 $16 {Threatens to win with Qa4.} Rc8 24. Rc4) 23... Nf6 $1 $14 24. Nf4 Rdd8 25. Ra6 Rb7 26. Nd3 Nd7 27. Rxc6 ({White should play} 27. Nd2 $14) 27... Qxc6 $11 28. Nd4 Qe4 29. c6 {[%mdl 64] [#] Double Attack} Rc7 {Strongly threatening ...Nb6.} 30. cxd7 Rxc1+ 31. Nxc1 Rxd7 32. Ncb3 $1 e5 33. Nf3 (33. Qc3 $11 Rd8 34. Qc7) 33... Qxe2 $17 34. Qxe5 $2 {[%mdl 8192]} (34. Nfd2 $17) 34... Rd1+ 35. Kg2 {Accuracy: White = 46%, Black = 59%.} 0-1

[Event "XLIV Sevilla Open 2019"]
[Site "Sevilla"]
[Date "2019.01.19"]
[Round "9"]
[White "Lacrosse, Marc"]
[Black "Aguera Naredo, Javier"]
[Result "0-1"]
[WhiteElo "2182"]
[BlackElo "2345"]
[Annotator "TA"]
[PlyCount "78"]
[EventDate "2019.01.11"]
[EventType "swiss"]
[EventCountry "ESP"]
[SourceTitle "playchess.com"]
[Source "ChessBase"]
[SourceQuality "1"]

{[%evp 28,78,22,22,27,35,49,48,66,68,71,71,102,79,102,104,114,72,67,70,71,31,83,76,114,73,128,139,115,124,125,106,116,113,254,251,257,271,361,266,264,265,263,252,466,227,244,-360,-365,-385,-380,-668,-681]} 1. d4 Nf6 2. c4 g6 3. Nc3 Bg7 4. e4 d6 5. Be2 O-O 6. Nf3 Na6 7. O-O e5 8. Be3 Ng4 9. Bg5 Qe8 10. h3 h6 11. Bc1 exd4 12. Nxd4 Nf6 {[%cal Bg4f6,Bf6h7,Bh7g5][%mdl 32] E94: King's Indian: Classical: 6 Be2 e5 7 0-0: Various Black 7th moves} 13. Bf3 Nh7 14. Re1 Ng5 15. Be3 {[#] LiveBook: 5 Games} Qd8 $146 ({Predecessor:} 15... c6 16. Nb3 Qe7 17. Bg4 Bxg4 18. Qxg4 Rfe8 19. Bd4 Qe6 20. Bxg7 Qxg4 21. hxg4 Kxg7 {1-0 (47) Laxman,R (2476)-Kokarev,D (2612) New Delhi 2010}) 16. Bg4 Re8 17. Bxc8 Qxc8 18. f3 c6 19. Qd2 Qd8 20. Rad1 Qf6 21. h4 Nh7 22. Bxh6 Qxh4 23. Bxg7 Kxg7 24. Nde2 Re6 (24... Rad8 $14) 25. Qf4 Qe7 26. Qg3 {[#] Nd4 is the strong threat.} Re5 (26... Qg5 $142) 27. f4 $36 {[%mdl 2048] White has strong initiative.} Rh5 28. Nd4 {Strongly threatening Nf5+.} Kh8 29. Nf3 {aiming for e5.} Nc7 30. f5 Ne8 (30... Rg8 $16 {might work better.}) 31. fxg6 $18 fxg6 32. e5 (32. Qxg6 Nef6 $14) 32... d5 33. Qxg6 Qc5+ 34. Rd4 Ng7 35. Na4 Qa5 $2 (35... Qe7 36. cxd5 cxd5) 36. cxd5 (36. Rg4 $142 {[%csl Gg4][%cal Rg6g7]} Qc7 37. e6) 36... Ng5 {[#] ( -> ...Nxf3+)} 37. Rde4 $4 {[%mdl 8192]} (37. Red1 $18 {and all is fine.} Nxf3+ 38. gxf3) 37... Nxf3+ $19 ({Not} 37... Nxe4 38. Qxe4 cxd5 39. Qf4 $11) ({Weaker is} 37... cxd5 38. Nxg5 dxe4 39. Rxe4 $17) 38. gxf3 Qd2 {Threatens to win with ...Rg5+.} ({Much less strong is} 38... cxd5 39. b4 $19) 39. Qg2 $2 (39. R4e3 Rg8 40. R3e2 Qd4+ 41. Kf1) 39... Rg5 {Precision: White = 64%, Black = 40%.} 0-1